[Event "GER-chT U14"]
[Site "Willingen"]
[Date "2021.06.24"]
[Round "1.7"]
[White "Zabudkin, David"]
[Black "Junge, Mattheo Gabriel"]
[Result "1/2-1/2"]
[WhiteElo "1059"]
[BlackElo "1267"]
[PlyCount "97"]
[EventDate "2021.06.23"]
[EventType "team-swiss"]
[EventRounds "7"]
[EventCountry "GER"]
[SourceTitle "EXT 2022"]
[Source "ChessBase"]
[SourceDate "2021.10.06"]
[SourceVersion "1"]
[SourceVersionDate "2021.10.06"]
[SourceQuality "1"]
[WhiteTeam "Brackel"]
[BlackTeam "Schott Jena"]
[WhiteTeamCountry "GER"]
[BlackTeamCountry "GER"]

1. e4 e5 2. f4 exf4 3. Nf3 g5 4. Nc3 Bb4 5. Bc4 Nc6 6. a3 Bxc3 7. bxc3 h6 8. g3 g4 9. Nh4 f3 10. d4 Nge7 11. Be3 d6 12. Qd2 h5 13. 0-0-0 a6 14. Rhf1 b5 15. Ba2 Bb7 16. h3 Qd7 17. Bg5 0-0-0 18. hxg4 hxg4 19. Qf4 Kb8 20. Nf5 Rdg8 21. d5 Ng6 22. dxc6 Nxf4 23. cxd7 Ne2+ 24. Kb2 Rxg5 25. Rh1 Rd8 26. Bd5 Rxd7 27. Rh4 f2 28. Bxb7 Kxb7 29. Rf1 d5 30. Rxf2 dxe4 31. Rxe2 Rxf5 32. Rxe4 Rf2 33. Rf4 Rg2 34. Kb3 Rxg3 35. Rhxg4 Rxg4 36. Rxg4 Kb6 37. c4 c6 38. cxb5 axb5 39. c4 Rd3+ 40. Kb2 Rf3 41. cxb5 cxb5 42. a4 bxa4 43. Rxa4 f5 44. Kc2 Kb5 45. Rd4 Kc5 46. Rd8 f4 47. Kd2 Rh3 48. Ke2 Rh4 49. Kf3 1/2-1/2